000 00519nam a2200169Ia 4500
008 090711s9999 xx 000 0 und d
082 _b167
100 _aवैद्य सुरेश
245 _aधागे दोरे
260 _bएस.के. पब्लिशिंग हाऊस
_c1998
300 _a196
600 _aवैद्य सुरेश
630 _aधागे दोरे
700 _aवैद्य सुरेश
730 _aधागे दोरे
942 _cBOOK
999 _c328345
_d328345